000 00628cab a2200253 4500
001 X2073
008 090401t1995 xxu||||| |||| 00| 0 eng d
035 _a(Sirsi) u95016
041 _aeng
100 _aHargreaves, R.V.
245 _aReal estate cycles: a rural perspective
260 _c1995
350 _a0
490 _aNew Zealand Valuers` Journal
_vMarch 1995, 17-23(6)
650 _aFARM PRICES
650 _aFARM SALES
650 _aNEW ZEALAND
650 _aRURAL PRACTICE
650 _aTRENDS
690 _aOVERSEAS-REST OF THE WORLD
700 _aMcCarthy, I.A.
942 _n0
948 _c04/03/1997
999 _c59615
_d59615